Six modern British novelists / (Record no. 16832)

MARC details
000 -LEADER
fixed length control field 00936 am a2200289ua 4500
001 - CONTROL NUMBER
control field 007368852
003 - CONTROL NUMBER IDENTIFIER
control field EG-ScBUE
005 - DATE AND TIME OF LATEST TRANSACTION
control field 20220124143333.0
008 - FIXED-LENGTH DATA ELEMENTS--GENERAL INFORMATION
fixed length control field 840626s1974 nyu f b 000 0 eng d
020 ## - INTERNATIONAL STANDARD BOOK NUMBER
International Standard Book Number 0231038461 (hbk)
020 ## - INTERNATIONAL STANDARD BOOK NUMBER
International Standard Book Number 0231083742 (pbk)
040 ## - CATALOGING SOURCE
Original cataloging agency Uk
Language of cataloging eng
Description conventions rda
Transcribing agency Uk
Modifying agency EG-ScBUE
082 04 - DEWEY DECIMAL CLASSIFICATION NUMBER
Classification number 823.03
Item number SIX
Edition number 22
245 00 - TITLE STATEMENT
Title Six modern British novelists /
Statement of responsibility, etc edited with an introduction by by George Stade.
264 #1 - PUBLICATION, DISTRIBUTION, ETC. (IMPRINT)
Place of publication, distribution, etc New York :
Name of publisher, distributor, etc Columbia University Press,
Date of publication, distribution, etc 1974.
300 ## - PHYSICAL DESCRIPTION
Extent xv, 294 pages ;
Dimensions 21 cm
336 ## - CONTENT TYPE
Source rdacontent
Content type term text
Content type code txt
337 ## - MEDIA TYPE
Source rdamedia
Media type term unmediated
Media type code n
338 ## - CARRIER TYPE
Source rdacarrier
Carrier type term volume
Carrier type code nc
504 ## - BIBLIOGRAPHY, ETC. NOTE
Bibliography, etc Includes bibliographical references.
650 #7 - SUBJECT ADDED ENTRY--TOPICAL TERM
Topical term or geographic name as entry element English fiction
Chronological subdivision 20th century
General subdivision History and criticism.
Source of heading or term BUEsh
9 (RLIN) 30425
651 ## - SUBJECT ADDED ENTRY--GEOGRAPHIC NAME
Source of heading or term BUEsh
653 ## - INDEX TERM--UNCONTROLLED
Arrived date list July2012
Resource For college Humanities: English
655 ## - INDEX TERM--GENRE/FORM
Form subdivision Reading book
9 (RLIN) 34232
700 1# - ADDED ENTRY--PERSONAL NAME
Personal name Stade, George,
Relator term editor.
9 (RLIN) 30426
942 ## - ADDED ENTRY ELEMENTS (KOHA)
Source of classification or shelving scheme Dewey Decimal Classification
Koha item type Book - Borrowing
Holdings
Withdrawn status Lost status Source of classification or shelving scheme Damaged status Not for loan Collection code Home library Current library Shelving location Date acquired Source of acquisition Cost, normal purchase price Serial Enumeration / chronology Total Checkouts Full call number Barcode Date last seen Price effective from Koha item type
    Dewey Decimal Classification     Baccah Central Library Central Library Second Floor 09/07/2012   291.00 15359   823.03 SIX 000026935 15/07/2025 09/07/2012 Book - Borrowing